000 01159nam a2200325 i 4500
001 57491
003 CO-BoRNBP
005 20250704091040.0
007 ta
008 210817s20142017ck a br 000 1 spa d
020 _a9789587731699
040 _aCO-BoRNBP
_bspa
_erda
_cCO-BoRNBP
041 0 _aspa
084 _aA RUE1
100 _aRueda, Claudia
_eautora
245 1 0 _aJugar con letras
_cClaudia Rueda
250 _aPrimera edición
_bPrimera reimpresión
264 1 _aBogotá, Colombia
_bEdiciones SM
_c2014
_c2017
300 _a40 páginas sin numerar
_bilustraciones a color
_c18 cm.
336 _atexto
_btxt
_2rdacontent
337 _asin mediación
_bn
_2rdamedia
338 _avolumen
_bnc
_2rdacarrier
500 _aEl material correspondiente a la dotación PNLB 2022, corresponde a la primera reimpresión de 2017
521 _aRecomendado para un público infantil mayor de 3 años
650 0 0 _aJuego de palabras
_vÁlbum
_2LEMB
_960812
650 0 0 _aÁlbumes infantiles colombianos
_2LEMB
_960813
650 0 7 _aLiteratura infantil colombiana
_2LEMB
_934
650 0 7 _aAnimales en la literatura
_vÁlbum
_2LEMB
_960814
942 _2loc
_cBKLITI
999 _c57491
_d57491